Statistiken für Ave Maria - Deutsch

Klicken Sie hier um das Quiz zu spielen!

Allgemein

  • Dieses Quiz wurde 77 mal gespielt
  • Das Durchschnittsergebnis liegt bei 33 aus 42

Antwortstatistiken

Ave Maria% Korrekt
Maria,
98%
Maria,
98%
der
87%
der
87%
der
87%
bist
85%
die
85%
du,
85%
Du
85%
deines
83%
und
83%
und
83%
Frucht
81%
in
81%
ist
81%
ist
81%
Leibes,
81%
Amen
79%
den
79%
Frauen
79%
gebenedeit
79%
gebenedeit
79%
Gottes,
79%
Mutter
79%
seist
79%
uns
79%
unter
79%
für
77%
Heilige
77%
Gnade,
74%
Jesus.
74%
unseres
74%
voll
74%
dir.
72%
mit
72%
Stunde
72%
Gegrüßet
70%
Todes.
70%
bitte
68%
jetzt
68%
Sünder
68%
Herr
66%

Verteilung der Resultate

Perzentil nach korrekt beantworteten Fragen

Anzahl Personen mit jedem Resultat

Ihre Resultats-Entwicklung

Sie haben dieses Quiz noch nicht gespielt